000 01116nam a2200229Ia 4500
003 Ost
005 20260507075533.0
008 260507s9999||||xx |||||||||||||| ||und||
020 _a9773500551
040 _cfsecg
041 _aara
082 _a350
100 _aالسبع، رفعت أحمد
_eمؤلف
245 0 _aعلم الإدارة العامة و الإدارة المالية /
_c رفعت أحمد السبع
260 _aالقاهرة:
_bدار الكتاب الحديث,
_c2008
300 _a212 صفحة؛
_bإيضاحات ؛
_c24 سم
504 _aبيبليوغرافيا: ص ص.207-208
520 _aيضم مفاهيم الإدارة، الإدارة العامة من الوجهة الفقهية، المركزية واللامركزية، الإدارة المالية مفهومها وعناصرها، إعداد التنظيم الإداري للمنشأة، وظائف المشروع، التخطيط، الرقابة والتحفيز، الإدارة والمستقبل
653 _aالإدارة العامة
653 _aالإدارة المالية
942 _cكتاب
999 _c44830
_d44830